<?xml version="1.0" encoding="UTF-8"?>
<record
    xmlns:xsi="http://www.w3.org/2001/XMLSchema-instance"
    xsi:schemaLocation="http://www.loc.gov/MARC21/slim http://www.loc.gov/standards/marcxml/schema/MARC21slim.xsd"
    xmlns="http://www.loc.gov/MARC21/slim">

  <leader>01145nam a2200301Ia 4500</leader>
  <controlfield tag="003">OSt</controlfield>
  <controlfield tag="005">20201029221732.0</controlfield>
  <controlfield tag="008">191128s1983    fr a   gr     000 0 spa d</controlfield>
  <datafield tag="020" ind1=" " ind2=" ">
    <subfield code="a">2717806873</subfield>
  </datafield>
  <datafield tag="040" ind1=" " ind2=" ">
    <subfield code="a">CO-JMCR</subfield>
    <subfield code="c">CO-JMCR</subfield>
  </datafield>
  <datafield tag="041" ind1="0" ind2=" ">
    <subfield code="a">fra</subfield>
  </datafield>
  <datafield tag="082" ind1="0" ind2="4">
    <subfield code="a">658.4032 / </subfield>
    <subfield code="b">G278c</subfield>
    <subfield code="2">23</subfield>
  </datafield>
  <datafield tag="100" ind1="1" ind2=" ">
    <subfield code="a">Gervais, Michel, </subfield>
    <subfield code="e">autor</subfield>
    <subfield code="9">12259</subfield>
  </datafield>
  <datafield tag="245" ind1="1" ind2="0">
    <subfield code="a">Contr&#xF4;le de gestion : </subfield>
    <subfield code="b">et planification de l'entreprise /</subfield>
    <subfield code="c">Michel Gervais</subfield>
  </datafield>
  <datafield tag="250" ind1=" " ind2=" ">
    <subfield code="a">2e. &#xE9;dition</subfield>
  </datafield>
  <datafield tag="260" ind1=" " ind2=" ">
    <subfield code="a">Par&#xED;s : </subfield>
    <subfield code="b">Ed. Economica, </subfield>
    <subfield code="c">1983.</subfield>
  </datafield>
  <datafield tag="300" ind1=" " ind2=" ">
    <subfield code="a">512 p&#xE1;ginas : </subfield>
    <subfield code="b">gr&#xE1;ficos a blanco y negro ; </subfield>
    <subfield code="c">25 cm.</subfield>
  </datafield>
  <datafield tag="490" ind1="0" ind2=" ">
    <subfield code="a">Collection Gestion. Politique g&#xE9;n&#xE9;rale, france et marketing</subfield>
  </datafield>
  <datafield tag="500" ind1=" " ind2=" ">
    <subfield code="a">Incluye notas a pie de p&#xE1;ginas.</subfield>
  </datafield>
  <datafield tag="504" ind1=" " ind2=" ">
    <subfield code="a">Bibliograf&#xED;a: 487-497.</subfield>
  </datafield>
  <datafield tag="505" ind1="0" ind2=" ">
    <subfield code="a">Le controle de gestion -- Le systeme budgetaire -- La planification -- Le systeme plans-programmes-budgets -- Les nouveaux systemes de planification</subfield>
  </datafield>
  <datafield tag="546" ind1=" " ind2=" ">
    <subfield code="a">Texto en franc&#xE9;s</subfield>
  </datafield>
  <datafield tag="650" ind1="2" ind2="4">
    <subfield code="a">Control de gesti&#xF3;n</subfield>
    <subfield code="9">11355</subfield>
  </datafield>
  <datafield tag="650" ind1="2" ind2="4">
    <subfield code="a">Gesti&#xF3;n empresarial</subfield>
    <subfield code="9">603</subfield>
  </datafield>
  <datafield tag="650" ind1="2" ind2="4">
    <subfield code="a">Empresas </subfield>
    <subfield code="x">Administraci&#xF3;n de empresas</subfield>
    <subfield code="9">12260</subfield>
  </datafield>
  <datafield tag="650" ind1="2" ind2="4">
    <subfield code="a">Organizaci&#xF3;n industrial</subfield>
    <subfield code="9">12236</subfield>
  </datafield>
  <datafield tag="942" ind1=" " ind2=" ">
    <subfield code="2">ddc</subfield>
    <subfield code="c">BK</subfield>
  </datafield>
  <datafield tag="999" ind1=" " ind2=" ">
    <subfield code="c">6120</subfield>
    <subfield code="d">6120</subfield>
  </datafield>
  <datafield tag="952" ind1=" " ind2=" ">
    <subfield code="0">0</subfield>
    <subfield code="1">0</subfield>
    <subfield code="2">ddc</subfield>
    <subfield code="3">Donaci&#xF3;n--15/04/2018--</subfield>
    <subfield code="4">0</subfield>
    <subfield code="7">0</subfield>
    <subfield code="a">CPL</subfield>
    <subfield code="b">CPL</subfield>
    <subfield code="c">GEN</subfield>
    <subfield code="d">2019-11-28</subfield>
    <subfield code="e">Donaci&#xF3;n</subfield>
    <subfield code="l">1</subfield>
    <subfield code="o">658.4032 / G278c </subfield>
    <subfield code="p">430012055</subfield>
    <subfield code="r">2024-09-19 11:53:58</subfield>
    <subfield code="s">2024-09-18</subfield>
    <subfield code="t">Ej.1</subfield>
    <subfield code="w">2019-11-28</subfield>
    <subfield code="y">BK</subfield>
  </datafield>
</record>
